Atlas sčítání 2011 podle výsledků Sčítání lidu, domů a bytů 2011 /

Korporativní autor: Český statistický úřad
Jazyk: Čeština
Vydáno: Praha : Český statistický úřad, 2013
Vydání: 1. vyd.
Témata:
Fyzický popis: 1 atlas (49 s., 33 mapových listů) : barev. ; 37 x 51 cm + 1 CD-ROM
Mapy
Uloženo v:
LEADER 02005cem a2200481 a 4500
001 nkc20132522985
003 CZ PrNK
005 20140716065541.0
007 ad canzn
008 140417s2013 xr z e 0 cze
015 |a cnb002522985 
020 |a 978-80-250-2441-6  |q (váz.) :  |c Kč 550,00 
040 |a KLG001  |b cze  |d ABA001 
043 |a e-xr--- 
045 |a y1y1 
072 7 |a 314  |x Demografie. Populace  |2 Konspekt  |9 18 
072 7 |a 912  |x Mapy. Atlasy. Glóby  |2 Konspekt  |9 7 
080 |a 314.116  |2 MRF 
080 |a 351.778.57  |2 MRF 
080 |a 314  |2 MRF 
080 |a 913(437.3)  |2 MRF 
080 |a (084.3)314  |2 MRF 
080 |a (084.42)  |2 MRF 
110 2 |a Český statistický úřad  |7 ko2002105674 
245 1 0 |a Atlas sčítání 2011  |h [kartografický dokument] :  |b podle výsledků Sčítání lidu, domů a bytů 2011 /  |c zpracoval Český statistický úřad 
250 |a 1. vyd. 
255 |a Měřítka různá 
260 |a Praha :  |b Český statistický úřad,  |c 2013 
300 |a 1 atlas (49 s., 33 mapových listů) :  |b barev. ;  |c 37 x 51 cm +  |e 1 CD-ROM 
500 |a Obsahuje 31 složených map (50 x 71 cm), 1 plastovou mapovou folii (24 x 34 cm) a 1 plastovou mapovou folii (34 x 48 cm) 
500 |a V textové části statistický text, tabulky, grafy, na CD-ROMu Dojížďka do zaměstnání a do škol podle sčítání lidu, domů a bytů 2011 - dojižďkové proudy 
648 7 |a 2011  |7 ch967313  |2 czenas 
650 0 7 |a sčítání obyvatelstva  |7 ph126386  |z Česko  |y 2011  |2 czenas 
650 0 7 |a sčítání domů a bytů  |7 ph206852  |z Česko  |y 2011  |2 czenas 
650 0 7 |a obyvatelstvo  |7 ph123621  |z Česko  |y 2011  |2 czenas 
655 7 |a mapy obyvatelstva  |7 fd186740  |2 czenas 
655 7 |a atlasy  |7 fd131835  |2 czenas 
710 2 |a Český statistický úřad  |7 ko2002105674 
910 2 |a BOA001  |b 5-1328.813 
990 |a MP 
995 |a 01 
991 |b 201407  |c NOV  |e n 
996 6 |b 2610595667  |c 5-1328.813  |l MZK  |r Sklad / do 24 hodin  |n 3  |p p.v.  |w 001431031  |u 000010  |a 1  |e BOA001  |j MZK50  |s P